Normal view
MARC view
- مسرحيات
Entry Topical Term
001 - CONTROL NUMBER
- control field: 20507
003 - CONTROL NUMBER IDENTIFIER
- control field: JO-AjAnu
005 - DATE AND TIME OF LATEST TRANSACTION
- control field: 20230606073551.0
008 - FIXED-LENGTH DATA ELEMENTS
- fixed length control field: 230606|| aca||aabn | a|a d
040 ## - CATALOGING SOURCE
- Original cataloging agency: JO-AjAnu
- Transcribing agency: JO-AjAnu
150 ## - HEADING--TOPICAL TERM
- Topical term or geographic name entry element: مسرحيات
670 ## - SOURCE DATA FOUND
- Source citation: Work cat.: (JO-AjAnu)10530: ترجمة نصار ،سمير عزت , author 20506, لوركا ثلاث تراجيديات عرس الدم يرما بيت برناردا البا